सब्ज़ तोरण के उस पार / (Record no. 115290)
[ view plain ]
| 000 -LEADER | |
|---|---|
| fixed length control field | 01334nam a22002897a 4500 |
| 003 - CONTROL NUMBER IDENTIFIER | |
| control field | dpl |
| 005 - DATE AND TIME OF LATEST TRANSACTION | |
| control field | 20180919140951.0 |
| 008 - FIXED-LENGTH DATA ELEMENTS--GENERAL INFORMATION | |
| fixed length control field | 180919b ||||| |||| 00| 0 eng d |
| 010 ## - LIBRARY OF CONGRESS CONTROL NUMBER | |
| LC control number | A-611514 |
| 020 ## - INTERNATIONAL STANDARD BOOK NUMBER | |
| Terms of availability | 85.00 |
| 035 ## - SYSTEM CONTROL NUMBER | |
| System control number | A-611514, A-611523 |
| 037 ## - SOURCE OF ACQUISITION | |
| Source of stock number/acquisition | Cen Lib/Ret |
| Stock number | 8190379607 |
| 040 ## - CATALOGING SOURCE | |
| Original cataloging agency | DPL |
| Language of cataloging | HN |
| Transcribing agency | 0 |
| 082 ## - DEWEY DECIMAL CLASSIFICATION NUMBER | |
| Classification number | उ |
| Item number | मुखोपा |
| 100 ## - MAIN ENTRY--PERSONAL NAME | |
| Personal name | मुखोपाध्याय, आशुतोष |
| 9 (RLIN) | 47612 |
| 245 ## - TITLE STATEMENT | |
| Title | सब्ज़ तोरण के उस पार / |
| Statement of responsibility, etc | आशुतोष मुखोपाध्याय ; अनुवादक मामता खरे |
| 246 ## - VARYING FORM OF TITLE | |
| Title proper/short title | PSabz toran ke us paar / |
| Remainder of title | by Ashutosh Mukhopadhyaya ; anuvadak Mamta Khare |
| 260 ## - PUBLICATION, DISTRIBUTION, ETC. (IMPRINT) | |
| Place of publication, distribution, etc | नई दिल्ली |
| Name of publisher, distributor, etc | भारतीय ज्ञानपीठ प्रकाशन |
| Date of publication, distribution, etc | 1992 |
| 270 ## - ADDRESS | |
| Address | 18, इंस्टीटूश्नल एरिया, लोदी रोड |
| City | नई दिल्ली |
| Postal code | 110003 |
| 300 ## - PHYSICAL DESCRIPTION | |
| Extent | 215पृ. |
| Dimensions | 19सेमी(सजिल्द ) |
| 650 ## - SUBJECT ADDED ENTRY--TOPICAL TERM | |
| Topical term or geographic name as entry element | बांग्ला साहित्य |
| General subdivision | |
| Geographic subdivision | |
| 9 (RLIN) | 45844 |
| 650 ## - SUBJECT ADDED ENTRY--TOPICAL TERM | |
| Topical term or geographic name as entry element | बांग्ला उपन्यास |
| 9 (RLIN) | 442 |
| 650 ## - SUBJECT ADDED ENTRY--TOPICAL TERM | |
| Topical term or geographic name as entry element | Bangla literature |
| Form subdivision | |
| 9 (RLIN) | 56119 |
| 650 ## - SUBJECT ADDED ENTRY--TOPICAL TERM | |
| Topical term or geographic name as entry element | Bangla fiction |
| 9 (RLIN) | 56120 |
| 700 ## - ADDED ENTRY--PERSONAL NAME | |
| Personal name | खरे, ममता |
| 9 (RLIN) | 2233 |
| 942 ## - ADDED ENTRY ELEMENTS (KOHA) | |
| Source of classification or shelving scheme | Dewey Decimal Classification |
| Koha item type | Hindi Books |
| Classification part | उ |
| Call number suffix | मुखोपा |
| Withdrawn status | Lost status | Damaged status | Not for loan | Home library | Current library | Date acquired | Source of acquisition | Cost, normal purchase price | Total Checkouts | Full call number | Barcode | Date last seen | Copy number | Cost, replacement price | Price effective from | Koha item type | Total Renewals | Date checked out | Source of classification or shelving scheme | Collection code |
|---|---|---|---|---|---|---|---|---|---|---|---|---|---|---|---|---|---|---|---|---|
| Central Library | Central Library | 19/08/2015 | Cen Lib/Ref | 85.00 | उ मुखोपा | A-611514 | 19/08/2015 | 1 | 85.00 | 19/08/2015 | Hindi Books | |||||||||
| Central Library | Central Library | 12/09/2015 | Cen Lib/Ret | 85.00 | 1 | उ मुखोपा | A-611513 | 01/02/2024 | 1 | 85.00 | 12/09/2015 | Hindi Books | 2 | 26/12/2023 | ||||||
| Shahdara Branch | Shahdara Branch | 19/09/2018 | BPPD/PUB | 85.00 | उ मुखोपा | A-611523 | 19/09/2018 | 85.00 | 19/09/2018 | Hindi Books | Dewey Decimal Classification | Fiction |
